Statistics for Kids books

Click here to take the quiz!

General Stats

  • This quiz has been taken 44 times
  • The average score is 3 of 8

Answer Stats

HintAnswer% Correct
Rabbit, Tigger, Pooh, PigletWinnie the Pooh
95%
Fern, WilburCharlottes web
60%
CaterpillarThe very hungry caterpillar
53%
Anne, Gilbert, DianaAnne of green gables
38%
Harry, RonHarry Potter and the philosophers stone
30%
Ramona, BeezusRamona and Beezus
18%
Peter, FudgeTales of a fourth grade nothing
15%
Flopsy, Mopsy, CottontailThe tales of Peter Rabit
0%

Score Distribution

Percentile by Number Answered

Percent of People with Each Score

Your Score History

You have not taken this quiz